000 00525 a2200169 4500
003 Nust
005 20251020123714.0
040 _cNust
082 _a621.382,RAO
100 _aRao, Arif Kamran Capt (TE-34)
_9131247
245 _aDigital wireless transmission and reception using multiplexing /
_cCapt Kamran Arif RAO , Capt Anwar UL Haq , Capt Ayyaz Rasul , Capt (R) Abdul Mannan
260 _aRawalpindi
_bMCS
_c2001
300 _a55 p;,
650 _a UG Projects
_998716
651 _aTE-34
_9131248
942 _cPR
_2ddc
999 _c182652
_d182652